Name all Communist Countries - Statistics

General Stats
  • This quiz has been taken 48 times
  • The average score is 4 of 5
Answer Stats
Country % Correct
China
93%
North Korea
88%
Cuba
81%
Vietnam
74%
Laos
63%
No matching quizzes found
Score Distribution
Percent of People with Each Score
Percentile by Number Answered
Your Score History
You have not taken this quiz